NHL team names in French - Statistics

General Stats
  • This quiz has been taken 324 times
  • The average score is 18 of 31
Answer Stats
Hint Answer % Correct
Avalanche Colorado (Avalanche)
98%
Canadians Montreal (Canadiens)
97%
Bleus St. Louis (Blues)
92%
Capitales Washington (Capitals)
88%
Coyotes Arizona (Coyotes)
86%
Flammes Calgary (Flames)
86%
Ailes Rouges Detroit (Red Wings)
79%
Panthères Florida (Panthers)
79%
Sabres Buffalo (Sabres)
77%
Prédateurs Nashville (Predators)
75%
Sénateurs Ottawa (Senators)
75%
Ours Bruns Boston (Bruins)
71%
Diables New Jersey (Devils)
66%
Canards Anaheim (Ducks)
59%
Canados Vancouver (Canucks)
59%
Chevaliers d’Or Vegas (Golden Knights)
58%
Avions à Réaction Winnipeg (Jets)
58%
Faucons Noirs Chicago (Blackhawks)
55%
Étoiles Dallas (Stars)
51%
Feuilles d’Érable Toronto (Maple Leafs)
49%
Rois Los Angeles (Kings)
46%
Éclair Tampa Bay (Lightning)
38%
Insulaires New York (Islanders)
36%
Sauvages Minnesota (Wild)
35%
Requins San Jose (Sharks)
35%
Patrouilleurs New York (Rangers)
33%
Graisseurs Edmonton (Oilers)
31%
Tuniques Bleues Colombus (Blue Jackets)
30%
Ouragans Carolina (Hurricanes)
29%
Manchots Pittsburgh (Penguins)
26%
Volatiles Philadelphia (Flyers)
20%
No matching quizzes found
Score Distribution
Percent of People with Each Score
Percentile by Number Answered
Your Score History
You have not taken this quiz